Capitales d'Amérique en S - Statistiques

Statistiques générales
  • Ce quiz a été pris 62 fois
  • Le résultat moyen est 3 sur 6
Statistiques - réponses
Réponse % Correct
Santiago
91%
San Salvador
67%
San José
57%
Saint-Domingue
52%
Saint John's
46%
Saint George's
35%
Aucun quiz correspondant
Distribution des résultats
% des personnes avec chaque résultat
Percentile par nombre de réponses
Votre historique - résultats
Vous n’avez pas pris ce quiz